| 000 | 00917nam0a22002771 4500 | ||
|---|---|---|---|
| 001 | rc\3951887 | ||
| 005 | 20250610131323.0 | ||
| 021 |
_aRU _b[56-66546] |
||
| 035 | _a(NLR Aleph) 007923812 | ||
| 090 |
_a8175039 _c8175038 |
||
| 100 | _a20130415d1956 |||y0rusy50 ca | ||
| 101 | 1 |
_arus _cger |
|
| 102 | _aRU | ||
| 105 | _aac z ||||| | ||
| 200 | 1 |
_aЭрнст Тельман _eВоспоминания о моем отце _fПредисл. В. Пика _g[Пер. с нем. В. Гречишкиной] |
|
| 210 |
_aЛенинград _cЛениздат _d1956 |
||
| 215 |
_a115 с., 1 л. портр. _cил. _d21 |
||
| 700 | 1 |
_aВестер-Тельман _bИ. _gИрма |
|
| 702 | 1 |
_aПик _bВ. _4080 |
|
| 702 | 1 |
_aТельман _bЭ. _gЭрнст _4570 |
|
| 702 | 1 |
_aГречишкина _bВ. _4730 |
|
| 801 | 0 |
_aRU _bNLR _gpsbo |
|
| 801 | 1 |
_aRU _bELAR _2rusmarc |
|
| 852 |
_aNLR _j57-3/135 |
||
| 942 | _cBOOK | ||
| 980 | _aNB | ||